| 000 | 01196njm a22002897a 4500 | ||
|---|---|---|---|
| 005 | 20100921155236.0 | ||
| 006 | a|||||r|||||00| 0 | ||
| 007 | sd ammalaaahaa | ||
| 008 | 100901t xxu||||| |||| 00| 0 eng d | ||
| 028 |
_aSHFLP-1/1327 _bSuper |
||
| 035 | _aGR-07777 | ||
| 040 |
_aSED _cSED |
||
| 100 |
_aPaudwal, Anuradha _917891 |
||
| 245 |
_aLal Dupatta Mal Mal Ka / _cby Anuradha Paudwal ;music by Anand Milind ;lyric by Majrooh Sultanpuri _h[Sound recording] |
||
| 246 | _aलाल दुपट्टा मॉल मॉल का (अनुराधा पौडवाल) | ||
| 260 |
_aDUM DUM, India _bSuper _c1988 |
||
| 300 |
_a1 Sound disc [Gramophone Recording] : _banalog, 33 1/3 rpm _c12 in. (LP) _fGramophone Record |
||
| 500 | _aBrief record | ||
| 500 | _aRecord Labels : super,Red | ||
| 505 | _aSide-1 (Lal dupatta mal mal ka) (Anuradha Paudwal); Side--2 (kaya batlayein janejaan)(Anuradha Paudwal) | ||
| 600 | _2Mangeshkar, Lata | ||
| 650 |
_aClassical Music _xExcerpts _zIndia _917892 |
||
| 700 |
_aAnand Milind _919099 |
||
| 700 |
_aMajrooh Sultanpuri _920866 |
||
| 942 |
_2ddc _cGR |
||
| 999 |
_c47360 _d47360 |
||